Normal view
MARC view
- Obstetrics
Entry Topical Term
001 - CONTROL NUMBER
- control field: 217143
003 - CONTROL NUMBER IDENTIFIER
- control field: OSt
005 - DATE AND TIME OF LATEST TRANSACTION
- control field: 20260312165332.0
008 - FIXED-LENGTH DATA ELEMENTS
- fixed length control field: 260312|| aca||aabn | a|a d
040 ## - CATALOGING SOURCE
- Original cataloging agency: OSt
- Transcribing agency: OSt
150 ## - HEADING--TOPICAL TERM
- Topical term or geographic name entry element: Obstetrics
670 ## - SOURCE DATA FOUND
- Source citation: Work cat.: (OSt)370722: Konar Hiralal 217142, DC Dutta's Textbook of Obstetrics Including Perinatology and Contraception , 2026